000 00806nam a2200241 4500
001 53845
003 BD-RjUL
005 20211209080029.0
008 161027r19952006ii ||||| |||| 00| 0 eng d
020 _a8123904134
035 _a(BD-RjUL)53967
040 _aBD-RjUL
_beng
_cBD-RjUL
041 _aeng
082 _223
_a636.089601
_bMAL 1996
100 _aMalik. , B.S. .
_9160832
245 0 1 _aA Laboratory Manual of Veterinary Microbiology/
_cB.S. Malik.
250 _a4th ed.
260 _aNew Delhi :
_b CBS ,
_c1996.
300 _a[Parts-i-iv] vi, 115p.:
_bill.;
_c24cm.
504 _aContents:pt. 1. General bacteriology.-pt. 2. Immunology & serology.-pt. 3. Pathogenic bacteriology & mycology.-pt. 4Virology.
650 _aLaboratory manual of veterinary microbiology.
_9160833
942 _2ddc
_cBK
999 _c53845
_d53845